Vladimír Karbusický-Jaroslav Kasan: Výzkum současné hudebnosti, hudebního vkusu a zájmů v roce 1963 a jeho výsledky.

Bibliographic Details
Main Author: lv (Author)
Format: Article
Language:Slovak

MARC

LEADER 00000nab a2200000uu 4500
001 vtls010885527
003 SK-MaSNL
005 20260303144721.0
008 230222|1965 xo |||||||||||||||||slo|
015 |a SNBRB 
035 |a (urnnbn)urn:nbn:sk:snk:ar-002cqm 
035 |a (uuid)c52c64bc-e36d-4b66-b712-913a670a3b60 
035 |a urn:nbn:sk:snk-ab8gkg 
040 |a SNKBUCL  |b slo  |c SNKBUCL  |e AACR2 
041 0 |a slo 
044 |a xo  |c SK 
100 1 |a lv  |4 aut  |9 879946 
245 1 0 |a Vladimír Karbusický-Jaroslav Kasan: Výzkum současné hudebnosti, hudebního vkusu a zájmů v roce 1963 a jeho výsledky.  |c Lv 
773 0 |t Slovenská hudba : revue pre hudobnú kultúru  |g Roč. 9, č. 7 (1965), s. 341-342 
954 |a odborná, vedecká literatúra pôvodná (slovenská)  |2 lita 
958 |a OND 
958 |a EUIPO 
958 |a article10 
999 |c 1998539  |d 2000469